| 000 | 00491nam a2200169 a 4500 | ||
|---|---|---|---|
| 001 | 000080641 | ||
| 003 | AM-YeHGA | ||
| 005 | 20250617162523.0 | ||
| 008 | 981209s1947 ai ||| |||||||rus d | ||
| 040 | _aAM-YeHGA | ||
| 100 | 1 | _aЕсьман, И.Г. | |
| 245 | 1 | 0 |
_aГидравлика : _bУчебное пособие / _cИ.Г. Есьман. |
| 260 |
_aБаку ; _aЛ. : _bАзнефтеиздат , _c1947. |
||
| 300 | _a276 с. | ||
| 650 | 1 | 4 | _aГидравлика |
| 090 | _c494726 | ||
| 999 |
_c491354 _d491354 |
||